Kraje graniczące z Republiką Południową Afryki - Statystyki

Ogólne statystyki
  • Ten quiz został rozwiązany 21 razy
  • Średni wynik to 5 z 6
Statystyki odpowiedzi
Odpowiedz % Poprawnych
0 km Botswana
94%
0 km Eswatini
94%
0 km Namibia
88%
0 km Zimbabwe
88%
0 km Lesotho
82%
0 km Mozambik
82%
Nie znaleziono quizów pasujących do podanych kryteriów
Rozkład punktacji
Procent ludzi z każdym wynikiem
Percentyl według liczby udzielonych odpowiedzi
Twoja historia wyników
Nie rozwiązałeś tego quizu